Stavebno - technologický projekt: "Apartmánové domy"
Salvato in:
| Autore principale: | |
|---|---|
| Altri autori: | |
| Natura: | Manoscritto Libro |
| Lingua: | slovacco |
| Pubblicazione: |
2023
|
| Soggetti: | |
| Accesso online: | http://is.stuba.sk/zp/portal_zp.pl?podrobnosti=171271 https://opac.crzp.sk/?fn=detailBiblioForm&sid=C0DEB8E07572332BA9250A15805F |
| Tags: |
Nessun Tag, puoi essere il primo ad aggiungerne!!
|
MARC
| LEADER | 00000ntm a22000003a 4500 | ||
|---|---|---|---|
| 001 | stuzp94194 | ||
| 003 | SK-STU | ||
| 005 | 20230918154106.5 | ||
| 007 | ta | ||
| 008 | 150427s2015----xo-----f-mn---000-0-slo-d | ||
| 040 | |a STU |b slo | ||
| 041 | 0 | |a slo | |
| 100 | 1 | |a Hunčagová, Veronika |u 010270 |4 aut |U SvF Stavebná fakulta |T SvF Katedra technológie stavieb |X 97624 |U V270 |Y 28 |7 97624 | |
| 242 | 0 | 1 | |a Building technology project: "Apartment houses" |y eng |
| 245 | 1 | 0 | |a Stavebno - technologický projekt: "Apartmánové domy" |
| 260 | |c 2023 | ||
| 650 | 4 | |a Apartmánové domy |2 slo | |
| 650 | 4 | |a Zariadenie staveniska |2 slo | |
| 650 | 4 | |a Fasádne úpravy |2 slo | |
| 650 | 4 | |a Apartment houses |2 eng | |
| 650 | 4 | |a Construction site equipment |2 eng | |
| 650 | 4 | |a Facade modifications |2 eng | |
| 700 | 1 | |a Hanko, Martin |u 010270 |k Z8 |4 ths |U SvF Stavebná fakulta |T SvF Katedra technológie stavieb |X 49405 |U V270 |Y 28 |7 A000049405 | |
| 856 | 4 | |u http://is.stuba.sk/zp/portal_zp.pl?podrobnosti=171271 | |
| 856 | 4 | |u https://opac.crzp.sk/?fn=detailBiblioForm&sid=C0DEB8E07572332BA9250A15805F | |